| LEADER 00000nam 2200433 a 4500 |
| 001 13399120521 |
| 003 BCNR |
| 008 111004s2008 us a 001 0 eng d |
| 020 ^a9780071496803
|
| 020 ^a0071496807
|
| 060 4 ^aWB18.2^bD55m 2008
|
| 100 1 ^aDiPrima,Peter A.
|
| 245 10 ^aMcGraw-Hill's EMT- paramedic /^cPeter A. DiPrima, Jr., GeorgeP. Benedetto, Jr
|
| 246 30 ^aEMT- Paramedic
|
| 260 ^aNew York :^bMcGraw-Hill,^cc2008
|
| 300 ^ax, 835 p :^bill
|
| 650 2 ^aEmergency medical services^zUnited States^vexaminationquestions
|
| 650 2 ^aEmergencies^zUnited States^vexamination questions
|
| 650 2 ^aEmergency medical technicians^zUnited States^vexaminationquestions
|
| 650 2 ^aEmergency treatment^zUnited States^vexamination questions
|
| 700 1 ^aBenedetto, George P.,^cJr
|
| 999 ^aบรรณารักษ์
|